Indian States and Union Territories with Coastlines - Statistics

General Stats
  • This quiz has been taken 4 times
  • The average score is 4 of 13
Answer Stats
Length in KM States / UT Name % Correct
2340.62 km Gujarat
100%
1053.07 km Andhra Pradesh
50%
3083.50 km Andoman & Nicobar Islands (UT)
50%
343.30 km Karnataka
50%
600.15 km Kerala
50%
877.97 km Maharashtra
50%
1068.69 km Tamil Nadu
50%
54.38 km Daman and Diu (UT)
0%
193.95 km Goa
0%
144.80 km Lakshadweep (UT)
0%
574.71 km Odisha
0%
42.65 km Puducherry (UT)
0%
721.02 km West Bengal
0%
No matching quizzes found
Score Distribution
Percent of People with Each Score
Percentile by Number Answered
Your Score History
You have not taken this quiz